| 000 | 00565nam a2200181Ia 4500 | ||
|---|---|---|---|
| 003 | GCL | ||
| 005 | 20240530104400.0 | ||
| 008 | 140319s9999 xx 000 0 ara d | ||
| 040 |
_aGCL / _cGCL |
||
| 082 | 0 | 4 |
_a260 _bس ص |
| 100 | _4سميح عاطف الزين | ||
| 245 | 1 | 0 |
_aالصوفية فى نظر الاسلام : _bدراسة وتحليل _cسميح عاطف الزين |
| 260 |
_aالقاهرة : _bدار الكتاب المصرى ، _c1985 |
||
| 300 |
_a598 ص ؛ _c24 سم |
||
| 650 | 0 | 4 | _aالاسلام |
| 650 | 0 | 4 | _aالتصوف |
| 942 |
_2ddc _cBK |
||
| 999 |
_c47074 _d47074 |
||